| 000 | 00827nam a2200253 4500 | ||
|---|---|---|---|
| 003 | OSt | ||
| 005 | 20260530113850.0 | ||
| 008 | 260505b2009 xxua|||| |||| 00| 0 eng d | ||
| 020 | _a1933820004 | ||
| 020 | _a139781933820002 | ||
| 040 |
_aICI _bspa _cICI |
||
| 041 | _aeng | ||
| 050 |
_aNK1520 _bS53 |
||
| 100 | 1 |
_aShedroff, Nathan, _eautor _931130 |
|
| 245 | 1 | 0 |
_a Design is the problem : _bthe future of design must be sustainable / _cNathan Shedroff ; prólogo de Hunter Lovins |
| 264 | 1 |
_a Brooklyn, New York : _bRosenfeld Media, _cc2009 |
|
| 300 |
_a XXVII, 319 páginas : _bilustraciones a color |
||
| 336 |
_atexto _2rdacontent |
||
| 337 |
_asin medio _2rdamedia |
||
| 338 |
_avolumen _2rdacarrier |
||
| 650 | 0 |
_aDiseño sustentable _931131 |
|
| 700 | 1 |
_aLovins, Hunter, _eprologuista _931132 |
|
| 942 |
_2lcc _cBK _n1 |
||
| 999 |
_c11420 _d11420 |
||